000 00645nam a2200181Ia 4500
008 100921s9999 xx 000 0 und d
082 _b6157
_a891.462 थ 70
100 _aगोखले विद्याधर.
245 _aपंडितराज जगन्नाथ.
260 _bबलवंत पुस्तक भांडार,मुंबई.
_c1970
300 _a96
_b---
365 _b6
520 _aललित-नाटके.
630 _aपंडितराज जगन्नाथ.
650 _aललित-नाटके.
730 _aपंडितराज जगन्नाथ.
942 _cBOOK
999 _c755270
_d755267